A Study of the evolution of concentration in the Danish pharmaceutical industry

Gardado en:
Detalles Bibliográficos
Autor Principal: Jorgensen, Niels
Formato: Libro
Idioma:Undetermined
Publicado: Brussels Commission of the European Communities 1974
Những chủ đề:
Các nhãn: Engadir etiqueta
Sen Etiquetas, Sexa o primeiro en etiquetar este rexistro!
Thư viện lưu trữ: Trung tâm Học liệu Trường Đại học Cần Thơ
LEADER 00636nam a2200193Ia 4500
001 CTU_107529
008 210402s9999 xx 000 0 und d
082 |a 338.47615109486 
082 |b J82 
100 |a Jorgensen, Niels 
245 2 |a A Study of the evolution of concentration in the Danish pharmaceutical industry 
245 0 |c Niels Jorgensen 
260 |a Brussels 
260 |b Commission of the European Communities 
260 |c 1974 
650 |a Pharmaceutical industry,Industrial concentration,Competition 
650 |z Danmark,Danmark 
904 |i Minh(Tuyen) 
980 |a Trung tâm Học liệu Trường Đại học Cần Thơ